کرن کرن روشنی ;;Kiran Kiran Roshni / (Record no. 82804)
[ view plain ]
| 000 -LEADER | |
|---|---|
| fixed length control field | 00604nam a2200193 a 4500 |
| 001 - CONTROL NUMBER | |
| control field | 82804 |
| 003 - CONTROL NUMBER IDENTIFIER | |
| rucl marc code | BD-RjUL |
| 005 - DATE AND TIME OF LATEST TRANSACTION | |
| control field | 20240128094410.0 |
| 008 - FIXED-LENGTH DATA ELEMENTS--GENERAL INFORMATION | |
| fixed length control field | 240128s1999 p ||||| |||| 00| p urd d |
| 035 ## - SYSTEM CONTROL NUMBER | |
| System control number | (BD-RjUL)82804 |
| 040 ## - CATALOGING SOURCE | |
| Original cataloging agency | BD-RjUL |
| Language of cataloging | eng |
| Transcribing agency | BD-RjUL |
| 041 ## - LANGUAGE CODE | |
| Language code of text/sound track or separate title | urd |
| 082 ## - DEWEY DECIMAL CLASSIFICATION NUMBER | |
| Edition number | 23 |
| Classification number | 891.4391 |
| Author mark and year | SAK 1999 |
| 245 ## - TITLE STATEMENT | |
| Title | کرن کرن روشنی ;;Kiran Kiran Roshni / |
| Statement of responsibility, etc. | علیم النساء ثناء ;; Aleem Nisa Sana |
| 260 ## - PUBLICATION, DISTRIBUTION, ETC. (IMPRINT) | |
| Place of publication, distribution, etc. | Hind ; NewDelhi : |
| Name of publisher, distributor, etc. | انجمن ترقی اردو , ;; Anjuman Development Urdu , |
| Date of publication, distribution, etc. | 1999 |
| 300 ## - PHYSICAL DESCRIPTION | |
| Pagination | 112 p. ; |
| Size | 23 cm |
| 650 ## - SUBJECT ADDED ENTRY--TOPICAL TERM | |
| Topical term or geographic name as entry element | Urdu Poetry |
| 942 ## - ADDED ENTRY ELEMENTS (KOHA) | |
| Source of classification or shelving scheme | Dewey Decimal Classification |
| Koha item type | Books |
| Lost status | Source of classification or shelving scheme | Damaged status | Not for loan | Collection code | Permanent Location | Current Location | Shelving location | Date acquired | Total Checkouts | Full call number | Date last seen | Copy number | Koha item type |
|---|---|---|---|---|---|---|---|---|---|---|---|---|---|
| Dewey Decimal Classification | Not For Loan | Non-fiction | Central Library, University of Rajshahi | Central Library, University of Rajshahi | Reading Room | 28/01/2024 | U 891.4391 SAK 1999 | 28/01/2024 | C-1 | Books |